000 00587nam a2200157Ia 4500
008 100122s9999 xx 000 0 und d
082 _b70440
_a614
100 _aमराठे रमा
245 _aऔषधाविना आरोग्य (क.क्र.11/2 )
260 _bमेहता पब्लिकेशन हाऊस
_c2006
300 _a284
630 _aऔषधाविना आरोग्य (क.क्र.11/2 )
700 _aमराठे रवि
730 _aऔषधाविना आरोग्य (क.क्र.11/2 )
942 _cBOOK
999 _c441398
_d441395